000 00656nam a2200289Ia 4500
005 20260324120253.0
008 008 260324s9999 xx 000 0 eng d
020 _a9780203794975
037 _aEBOOK
040 _aCRL
040 _beng
040 _cCRL
041 _2eng
041 _aeng
084 _qCRL
100 _aBob Stewart
_91157900
245 0 _aSport Funding and Finance
245 0 _bSecond edition
260 _bTaylor and Francis
260 _c2015
365 _a
365 _b300
856 _uhttp://www.taylorfrancis.com/books/9780203794975
942 _cEBOOK
999 _c1749351
_d1749351